Normal view MARC view
  • The Nature Of Dreams

Entry Topical Term

Number of records used in: 1

001 - CONTROL NUMBER

  • control field: 104242

003 - CONTROL NUMBER IDENTIFIER

  • control field: NUST

005 - DATE AND TIME OF LATEST TRANSACTION

  • control field: 20221206125524.0

008 - FIXED-LENGTH DATA ELEMENTS

  • fixed length control field: 221206|| aca||aabn | a|a d

040 ## - CATALOGING SOURCE

  • Original cataloging agency: NUST
  • Transcribing agency: NUST

150 ## - HEADING--TOPICAL TERM

  • Topical term or geographic name entry element: The Nature Of Dreams

670 ## - SOURCE DATA FOUND

  • Source citation: Work cat.: (NUST)185046: Ratcliff.A .J 104241, The Nature Of Dreams /, 1939
© 2023 Central Library, National University of Sciences and Technology. All Rights Reserved.